[Event "IND-ch U11 Girls"]
[Site "Sivagangai Tamilnadu"]
[Date "2018.08.04"]
[Round "10.5"]
[White "Rianna Netta, B."]
[Black "Kheerthi, Ganta"]
[Result "1/2-1/2"]
[WhiteElo "1236"]
[BlackElo "1373"]
[PlyCount "140"]
[EventDate "2018.07.28"]
[EventType "swiss"]
[EventRounds "11"]
[EventCountry "IND"]
[SourceTitle "EXT 2024"]
[Source "ChessBase"]
[SourceDate "2023.10.10"]
[SourceVersion "1"]
[SourceVersionDate "2023.10.10"]
[SourceQuality "1"]

1. e4 c5 2. Nf3 d6 3. d4 cxd4 4. Nxd4 Nf6 5. Nc3 a6 6. Bg5 e6 7. f4 h6 8. Bh4 Qb6 9. a3 Be7 10. Bf2 Qc7 11. Be2 b5 12. Bf3 Bb7 13. Qe2 Nc6 14. Nb3 Rc8 15. Rd1 0-0 16. 0-0 Ba8 17. Be3 Rfd8 18. Qf2 Rb8 19. Qg3 Kh8 20. f5 Ne5 21. fxe6 fxe6 22. Nd4 Qc8 23. Qh3 Nc4 24. Bc1 Bf8 25. Nxe6 Re8 26. Nxf8 Rxf8 27. Qxc8 Rbxc8 28. Rd3 Rfe8 29. b3 Ne5 30. Re3 Neg4 31. Bxg4 Nxg4 32. Rg3 h5 33. h3 Nf6 34. Bb2 Rc7 35. Rd1 Re6 36. e5 dxe5 37. Rd8+ Re8 38. Rxe8+ Nxe8 39. Rg5 Nf6 40. Rxe5 Rd7 41. Kh2 Rd2 42. Re2 Rd6 43. Bc1 Kh7 44. Bf4 Rc6 45. Re3 Rc8 46. Bd6 Nd5 47. Nxd5 Bxd5 48. Re2 Bf7 49. Be5 Re8 50. b4 Bc4 51. Re3 g5 52. c3 Kg6 53. Bd4 Rxe3 54. Bxe3 g4 55. hxg4 hxg4 56. Kg3 Kf5 57. Bd4 Be6 58. Kh4 Ke4 59. g3 Kd3 60. Kg5 Kc2 61. Kf6 Bc4 62. Ke5 Kb3 63. Kd6 Ka4 64. Kc5 a5 65. Kb6 axb4 66. axb4 Kb3 67. Kc5 Kc2 68. Kd6 Kb3 69. Ke5 Be2 70. Kf4 Kc4 1/2-1/2

[Event "IND-ch U11 Girls"]
[Site "Sivagangai Tamilnadu"]
[Date "2018.07.31"]
[Round "5.6"]
[White "Rout, Yashita"]
[Black "Rianna Netta, B."]
[Result "1/2-1/2"]
[WhiteElo "1303"]
[BlackElo "1236"]
[PlyCount "98"]
[EventDate "2018.07.28"]
[EventType "swiss"]
[EventRounds "11"]
[EventCountry "IND"]
[SourceTitle "EXT 2024"]
[Source "ChessBase"]
[SourceDate "2023.10.10"]
[SourceVersion "1"]
[SourceVersionDate "2023.10.10"]
[SourceQuality "1"]

1. e4 c5 2. Nf3 d6 3. d4 cxd4 4. Nxd4 Nf6 5. Nc3 g6 6. Be3 Bg7 7. f3 0-0 8. Qd2 Nc6 9. g4 Nxd4 10. Bxd4 Be6 11. 0-0-0 Qc7 12. h4 Qa5 13. a3 Nd7 14. Bxg7 Kxg7 15. h5 g5 16. h6+ Kh8 17. Bb5 f6 18. Bxd7 Bxd7 19. Qe3 Rac8 20. Rhg1 Qc5 21. Qxc5 Rxc5 22. Nd5 Re8 23. Rg2 Be6 24. Rgd2 Bxd5 25. Rxd5 Rec8 26. Rxc5 Rxc5 27. Rd5 Rc6 28. Rd2 Kg8 29. c3 Kf7 30. Kc2 Kg6 31. Rh2 Rc5 32. Kd3 b5 33. b3 e6 34. b4 Rc6 35. Kc2 Ra6 36. Kb3 Rc6 37. Rh1 d5 38. exd5 exd5 39. Rh2 Rd6 40. Rh1 d4 41. Rd1 d3 42. c4 bxc4+ 43. Kxc4 d2 44. Kc3 Ra6 45. Kb3 Rd6 46. Kc3 Ra6 47. Kb3 Rd6 48. Kc3 Ra6 49. Kb3 Rd6 1/2-1/2

[Event "IND-ch U11 Girls"]
[Site "Sivagangai Tamilnadu"]
[Date "2018.07.29"]
[Round "3.2"]
[White "Anupam, M Sreekumar"]
[Black "Rianna Netta, B."]
[Result "0-1"]
[WhiteElo "1417"]
[BlackElo "1236"]
[PlyCount "60"]
[EventDate "2018.07.28"]
[EventType "swiss"]
[EventRounds "11"]
[EventCountry "IND"]
[SourceTitle "EXT 2024"]
[Source "ChessBase"]
[SourceDate "2023.10.10"]
[SourceVersion "1"]
[SourceVersionDate "2023.10.10"]
[SourceQuality "1"]

1. e4 c5 2. Nc3 e6 3. f4 Nc6 4. Nf3 d5 5. exd5 exd5 6. d4 Nf6 7. Bb5 Bd6 8. Ne5 Bd7 9. Nxd7 Qxd7 10. 0-0 0-0 11. dxc5 Bxc5+ 12. Kh1 a6 13. Bd3 Rfe8 14. f5 Ne5 15. Bg5 Neg4 16. Bxf6 Nxf6 17. Qf3 Rac8 18. Rad1 Qc6 19. Ne2 Re3 20. Qf4 Rce8 21. Rde1 Bd6 22. Qg5 h6 23. Qh4 Qb6 24. b3 Qb4 25. Qf2 Ng4 26. Qh4 Be7 27. f6 Nxf6 28. Rf4 Ne4 29. Rxe4 Bxh4 30. Rxe8+ Rxe8 0-1